| 000 -LEADER |
| fixed length control field |
00654nam a22001697a 4500 |
| 008 - FIXED-LENGTH DATA ELEMENTS--GENERAL INFORMATION |
| fixed length control field |
101028t xxu||||| |||| 00| 0 eng d |
| 050 ## - LIBRARY OF CONGRESS CALL NUMBER |
| Classification number |
BS 580 .R8 |
| Item number |
L5 |
| 100 ## - MAIN ENTRY--PERSONAL NAME |
| Personal name |
Lindsay, Gordon |
| Titles and other words associated with a name |
James Gordon |
| Dates associated with a name |
1906-1973 |
| 9 (RLIN) |
317 |
| 245 ## - TITLE STATEMENT |
| Title |
Ruth the gleaner and the boy Samuel. |
| 260 ## - PUBLICATION, DISTRIBUTION, ETC. (IMPRINT) |
| Place of publication, distribution, etc |
Dallas, TX |
| Name of publisher, distributor, etc |
Christ for the Nations |
| Date of publication, distribution, etc |
1965 |
| 300 ## - PHYSICAL DESCRIPTION |
| Extent |
32p. |
| Dimensions |
23 cm. |
| 440 ## - SERIES STATEMENT/ADDED ENTRY--TITLE |
| Title |
Through the Bible series |
| Volume number/sequential designation |
16 |
| 9 (RLIN) |
318 |
| 650 ## - SUBJECT ADDED ENTRY--TOPICAL TERM |
| Topical term or geographic name as entry element |
Ruth (Biblical figure) |
| 9 (RLIN) |
319 |
| 650 ## - SUBJECT ADDED ENTRY--TOPICAL TERM |
| Topical term or geographic name as entry element |
Samuel (Biblical figure) |
| 9 (RLIN) |
320 |
| 942 ## - ADDED ENTRY ELEMENTS (KOHA) |
| Source of classification or shelving scheme |
|
| Item type |
Books |